| 000 | 00652nam a2200193 i 4500 | ||
|---|---|---|---|
| 001 | 27882 | ||
| 003 | ES-MaACL | ||
| 005 | 20250717063021.0 | ||
| 007 | t| | ||
| 008 | 030115s1912 sp ||||1| spa d | ||
| 100 | 1 |
_aAznar, Severino, _d1870-1959 _924307 |
|
| 245 | 1 | 4 |
_aLas grandes instituciones del catolicismo _b: órdenes monásticas, institutos misioneros / _cSeverino Aznar Embid. |
| 260 |
_aMadrid : _b[s.n., _c1912] ( _fG. López del Horno) |
||
| 300 |
_a413 p. ; _c20 cm. |
||
| 650 | 0 | 4 |
_aÓrdenes y congregaciones religiosas _915747 |
| 650 | 0 | 4 |
_aInstitutos seculares. _913836 |
| 852 |
_aES-MaACL _jF-2477 |
||
| 999 |
_c27882 _d27882 |
||